Municipalities of Japan - Statistics

General Stats
  • This quiz has been taken 102 times
    97 since last reset
  • The average score is 460 of 1747
Answers on the Map
Answers color-coded by a green-red scale on the quiz's map according to % correct below.
 
Answer Stats
Prefecture Municipality % Correct
Hokkaidō Sapporo C
86%
Tōkyō Kita C*
84%
Kōchi Aki C
81%
Nagasaki Nagasaki C
78%
Fukui | Kanagawa Ōi T
78%
Ōsaka Ōsaka C
76%
Mie Tsu C
76%
Aomori Aomori C
73%
Hokkaidō Hakodate C
73%
Hiroshima Hiroshima C
73%
Okinawa Naha C
73%
Ōita Ōita C
73%
Saga Saga C
73%
Hyōgo Taka T
73%
Kyōto Kyōto C
70%
Tokushima Minami T
70%
Okinawa Nago C
70%
Fukuoka Ōki T
70%
Miyagi Sendai C
70%
Mie Shima C
70%
Kanagawa Yokohama C
70%
Aomori Yokohama T
70%
Akita Akita C
68%
Fukuoka Fukuoka C
68%
Fukushima Fukushima C
68%
Hokkaidō Fukushima T
68%
Okinawa Higashi V
68%
Hyōgo Kōbe C
68%
Miyazaki Miyazaki C
68%
Ibaraki Naka C
68%
Tokushima Naka T
68%
Nara Nara C
68%
Niigata Niigata C
68%
Gunma Ōta C
68%
Tōkyō Ōta C*
68%
Shizuoka Shizuoka C
68%
Toyama Toyama C
68%
Kagoshima Kagoshima C
65%
Kumamoto Kuma V
65%
Aichi Nagoya C
65%
Nagano Okaya C
65%
Okinawa Okinawa C
65%
Aomori Sai V
65%
Hiroshima Saka T
65%
Kōchi Tōyō T
65%
Wakayama Wakayama C
65%
Kumamoto Yamaga C
65%
Chiba Chiba C
62%
Shizuoka Fuji C
62%
Hokkaidō | Shizuoka Mori T
62%
Nagano Nagano C
62%
Okayama Okayama C
62%
Tōkyō Shinjuku C*
62%
Hokkaidō Wakkanai C
62%
Yamaguchi Yamaguchi C
62%
Fukuoka Aka V
59%
Fukui Fukui C
59%
Shizuoka Izu C
59%
Fukuoka Kama C
59%
Kanagawa Kawasaki C
59%
Fukuoka | Miyagi Kawasaki T
59%
Kōchi Kōchi C
59%
Kumamoto Kumamoto C
59%
Shiga Ōtsu C
59%
Saitama Saitama C
59%
Tōkyō Shibuya C*
59%
Tōkyō Tama C
59%
Tottori Tottori C
59%
Gifu | Yamagata Yamagata C
59%
Nagano Yamagata V
59%
Chiba Asahi C
57%
Mie | Toyama | Yamagata Asahi T
57%
Nagano Asahi V
57%
Aomori Hachinohe C
57%
Ishikawa Kanazawa C
57%
Shimane Ōda C
57%
Yamanashi Tsuru C
57%
Gifu Gifu C
54%
Gifu Hida C
54%
Nagano Ina C
54%
Saitama Ina T
54%
Kōchi Kami C
54%
Hyōgo | Miyagi Kami T
54%
Hokkaidō Kitahiroshima C
54%
Hiroshima Kitahiroshima T
54%
Fukuoka Kitakyūshū C
54%
Shimane Matsue C
54%
Nagano Matsumoto C
54%
Ehime Matsuyama C
54%
Iwate Miyako C
54%
Fukuoka Miyako T
54%
Niigata Sado C
54%
Tokushima Tokushima C
54%
Hokkaidō Tōma T
54%
Aichi Ama C
51%
Shimane Ama T
51%
Hokkaidō Asahikawa C
51%
Mie Ise C
51%
Gunma Maebashi C
51%
Hokkaidō Ōmu T
51%
Fukui | Ōsaka Sakai C
51%
Ibaraki Sakai T
51%
Nagano Saku C
51%
Aichi Toyota C
51%
Tokushima Awa C
49%
Chiba Funabashi C
49%
Shizuoka Hamamatsu C
49%
Ishikawa Kaga C
49%
Hokkaidō Kitami C
49%
Ibaraki Mito C
49%
Hokkaidō Nemuro C
49%
Ishikawa Suzu C
49%
Kagawa Takamatsu C
49%
Gifu Takayama C
49%
Gunma | Nagano Takayama V
49%
Kanagawa Yamato C
49%
Kumamoto Yamato T
49%
Kagoshima Yamato V
49%
Ōita Beppu C
46%
Hyōgo Himeji C
46%
Okayama Ibara C
46%
Shizuoka Itō C
46%
Yamanashi Kai C
46%
Chiba Kashiwa C
46%
Yamanashi Kōfu C
46%
Tottori Kōfu T
46%
Hokkaidō Kushiro C
46%
Hokkaidō Kushiro T
46%
Kyōto Maizuru C
46%
Iwate Morioka C
46%
Ishikawa Noto T
46%
Aomori Ōma T
46%
Fukui Ōno C
46%
Hyōgo Ono C
46%
Fukushima Ono T
46%
Gifu Ōno T
46%
Hokkaidō Otaru C
46%
Hokkaidō Rishiri T
46%
Kanagawa Sagamihara C
46%
Yamagata Sakata C
46%
Chiba | Tochigi Sakura C
46%
Nagasaki Sasebo C
46%
Tōkyō Setagaya C*
46%
Yamaguchi Shimonoseki C
46%
Aichi | Nagasaki Tsushima C
46%
Tochigi Utsunomiya C
46%
Kanagawa Yokosuka C
46%
Yamagata Yuza T
46%
Hyōgo Akashi C
43%
Hokkaidō Chitose C
43%
Akita Daisen C
43%
Tottori Daisen T
43%
Aomori Hirosaki C
43%
Ōita Hita C
43%
Ōsaka Ibaraki C
43%
Ibaraki Ibaraki T
43%
Ōsaka Ikeda C
43%
Fukui | Gifu | Hokkaidō | Nagano Ikeda T
43%
Fukushima Iwaki C
43%
Kanagawa Kamakura C
43%
Niigata Kamo C
43%
Fukushima Kōriyama C
43%
Kumamoto Kōshi C
43%
Fukuoka Kurume C
43%
Gifu Mino C
43%
Ōsaka Minoh C
43%
Hokkaidō Muroran C
43%
Aomori Mutsu C
43%
Tōkyō Nakano C*
43%
Nagano Nakano C
43%
Akita Oga C
43%
Hokkaidō Rebun T
43%
Tōkyō Shinagawa C*
43%
Mie Suzuka C
43%
Tochigi Tochigi C
43%
Kyōto Uji C
43%
Yamanashi Yamanashi C
43%
Okinawa Yonaguni T
43%
Fukushima Aizuwakamatsu C
41%
Hyōgo Awaji C
41%
Tōkyō Chūō C*
41%
Yamanashi Chūō C
41%
Fukui Echizen C
41%
Fukui Echizen T
41%
Tōkyō Edogawa C*
41%
Hiroshima | Tōkyō Fuchū C
41%
Hiroshima Fuchū T
41%
Kanagawa Fujisawa C
41%
Hiroshima Fukuyama C
41%
Tōkyō Hachiōji C
41%
Ibaraki Hitachi C
41%
Chiba Ichikawa C
41%
Hyōgo Ichikawa T
41%
Aichi Ichinomiya C
41%
Chiba Ichinomiya T
41%
Mie Iga C
41%
Okinawa Ishigaki C
41%
Tottori Iwami T
41%
Kagoshima | Ōsaka Izumi C
41%
Shimane Izumo C
41%
Ibaraki | Saga Kashima C
41%
Kumamoto Kashima T
41%
Saitama Kawagoe C
41%
Mie Kawagoe T
41%
Fukuoka | Ibaraki Koga C
41%
Tōkyō Kōtō C*
41%
Okayama Kurashiki C
41%
Hiroshima Kure C
41%
Tōkyō Minato C*
41%
Saitama Misato C
41%
Akita | Kumamoto | Miyagi | +3 others Misato T
41%
Niigata Nagaoka C
41%
Fukuoka Nakagawa C
41%
Hokkaidō | Tochigi Nakagawa T
41%
Nagano Nakagawa V
41%
Hyōgo Nishinomiya C
41%
Nagano Omi V
41%
Tōkyō Suginami C*
41%
Tōkyō Tachikawa C
41%
Toyama Takaoka C
41%
Hokkaidō Tomakomai C
41%
Kōchi Tosa C
41%
Kōchi Tosa T
41%
Aomori Tsugaru C
41%
Ibaraki Tsukuba C
41%
Yamagata Tsuruoka C
41%
Akita Yurihonjō C
41%
Tōkyō Adachi C*
38%
Hyōgo Amagasaki C
38%
Tōkyō Chiyoda C*
38%
Gunma Chiyoda T
38%
Fukushima | Hokkaidō Date C
38%
Nara Gojō C
38%
Nagasaki Gotō C
38%
Kanagawa Hakone T
38%
Saitama Hidaka C
38%
Hokkaidō | Wakayama Hidaka T
38%
Kōchi Hidaka V
38%
Ōsaka Higashiōsaka C
38%
Tōkyō Hino C
38%
Shiga | Tottori Hino T
38%
Iwate Ichinoseki C
38%
Nagano Iida C
38%
Nagasaki Iki C
38%
Iwate Iwate T
38%
Niigata Jōetsu C
38%
Hyōgo Kakogawa C
38%
Tōkyō Katsushika C*
38%
Saitama Kawaguchi C
38%
Okinawa Kin T
38%
Kagoshima Kirishima C
38%
Tōkyō Machida C
38%
Kanagawa Miura C
38%
Aichi | Hiroshima | Tokushima Miyoshi C
38%
Saitama Miyoshi T
38%
Niigata Murakami C
38%
Miyazaki Nichinan C
38%
Tottori Nichinan T
38%
Tochigi Nikkō C
38%
Aichi Nishio C
38%
Miyazaki Nobeoka C
38%
Fukui Obama C
38%
Tōkyō Okutama T
38%
Tōkyō Ōme C
38%
Miyagi Ōsaki C
38%
Kagoshima Ōsaki T
38%
Fukuoka Ōtō T
38%
Tochigi Oyama C
38%
Shizuoka Oyama T
38%
Hokkaidō Rausu T
38%
Kagoshima Satsuma T
38%
Gifu Seki C
38%
Ōsaka Settsu C
38%
Wakayama Shingū C
38%
Fukuoka Shingū T
38%
Fukushima Shirakawa C
38%
Gifu Shirakawa T
38%
Gifu Shirakawa V
38%
Tōkyō Taitō C*
38%
Gunma Takasaki C
38%
Mie Taki T
38%
Chiba Tateyama C
38%
Toyama Tateyama T
38%
Nagano Tōmi C
38%
Iwate Tōno C
38%
Tōkyō Toshima C*
38%
Kagoshima | Tōkyō Toshima V
38%
Aomori Towada C
38%
Hyōgo Toyooka C
38%
Nagano Toyooka V
38%
Mie Yokkaichi C
38%
Nara Yoshino T
38%
Akita Yuzawa C
38%
Niigata Yuzawa T
38%
Hokkaidō Abashiri C
35%
Hyōgo Aioi C
35%
Hyōgo Akō C
35%
Kumamoto Amakusa C
35%
Kagoshima Amami C
35%
Hyōgo Ashiya C
35%
Fukuoka Ashiya T
35%
Miyazaki Aya T
35%
Shizuoka Fujinomiya C
35%
Hokkaidō Furano C
35%
Aomori Gonohe T
35%
Nagano Hakuba V
35%
Iwate Hanamaki C
35%
Ōsaka Hirakata C
35%
Hokkaidō | Yamanashi Hokuto C
35%
Iwate Ichinohe T
35%
Ehime Imabari C
35%
Kagoshima Isa C
35%
Hokkaidō | Hyōgo | Saitama Kamikawa T
35%
Saga Karatsu C
35%
Hyōgo Katō C
35%
Akita Kitaakita C
35%
Kumamoto Kōsa T
35%
Iwate Kunohe V
35%
Shiga Kusatsu C
35%
Gunma Kusatsu T
35%
Chiba Matsudo C
35%
Miyagi Matsushima T
35%
Tōkyō Meguro C*
35%
Hyōgo Minamiawaji C
35%
Shizuoka Mishima C
35%
Fukushima Mishima T
35%
Kagoshima Mishima V
35%
Kyōto Miyazu C
35%
Yamaguchi Nagato C
35%
Chiba Narita C
35%
Tokushima Naruto C
35%
Tōkyō Nerima C*
35%
Ōsaka Neyagawa C
35%
Iwate Ninohe C
35%
Hokkaidō Noboribetsu C
35%
Chiba Noda C
35%
Iwate Noda V
35%
Hokkaidō Obihiro C
35%
Nara Ōji T
35%
Hokkaidō Okushiri T
35%
Tōkyō Ōshima T
35%
Iwate Ōshū C
35%
Yamanashi Ōtsuki C
35%
Kōchi Ōtsuki T
35%
Hokkaidō Rishirifuji T
35%
Aomori Rokunohe T
35%
Aomori Sannohe T
35%
Hokkaidō Sarufutsu V
35%
Hokkaidō Shibetsu C
35%
Hokkaidō Shibetsu T
35%
Kagoshima Shibushi C
35%
Aomori Shichinohe T
35%
Hokkaidō | Shizuoka Shimizu T
35%
Shizuoka Shimoda C
35%
Ōsaka Suita C
35%
Hyōgo Takarazuka C
35%
Aichi Toyohashi C
35%
Ibaraki Tsuchiura C
35%
Iwate Yamada T
35%
Yamagata Yonezawa C
35%
Hokkaidō Yūbari C
35%
Tokushima Anan C
32%
Nagano Anan T
32%
Tōkyō Arakawa C*
32%
Okinawa Chatan T
32%
Tōkyō Chōfu C
32%
Hokkaidō Erimo T
32%
Aomori Fukaura T
32%
Fukuoka Fukuchi T
32%
Aomori Goshogawara C
32%
Ishikawa Hakusan C
32%
Shimane Hamada C
32%
Nagano Hara V
32%
Hiroshima Hatsukaichi C
32%
Nagasaki Hirado C
32%
Miyazaki Hyūga C
32%
Chiba Ichihara C
32%
Miyagi Ishinomaki C
32%
Yamaguchi Iwakuni C
32%
Ibaraki Kawachi T
32%
Hyōgo Kawanishi C
32%
Nara | Yamagata Kawanishi T
32%
Miyagi Kesennuma C
32%
Chiba Kisarazu C
32%
Ishikawa Komatsu C
32%
Wakayama Kushimoto T
32%
Kyōto Kyōtango C
32%
Hokkaidō Matsumae T
32%
Mie Matsusaka C
32%
Tokushima Mima C
32%
Okayama | Ōsaka Misaki T
32%
Miyazaki Miyakonojō C
32%
Shiga Nagahama C
32%
Miyagi Natori C
32%
Hokkaidō Nayoro C
32%
Gunma Numata C
32%
Hokkaidō Numata T
32%
Kanagawa Odawara C
32%
Akita Ōgata V
32%
Aichi Okazaki C
32%
Nagasaki Ōmura C
32%
Hokkaidō Rumoi C
32%
Hyōgo Sanda C
32%
Hokkaidō Setana T
32%
Aichi Seto C
32%
Hokkaidō Shari T
32%
Nagasaki Shimabara C
32%
Kōchi Shimanto C
32%
Kōchi Shimanto T
32%
Yamagata Shinjō C
32%
Okayama Shinjō V
32%
Gunma Shintō V
32%
Wakayama Shirahama T
32%
Chiba Shiroi C
32%
Tōkyō Sumida C*
32%
Hyōgo Sumoto C
32%
Fukuoka Tōhō V
32%
Aichi Tōkai C
32%
Ibaraki Tōkai V
32%
Hokkaidō Tomari V (Nemuro)
32%
Hokkaidō Tomari V (Shiribeshi)
32%
Fukui Tsuruga C
32%
Nagasaki Unzen C
32%
Chiba Urayasu C
32%
Kagoshima Yakushima T
32%
Ōsaka Yao C
32%
Shiga Yasu C
32%
Kumamoto Yatsushiro C
32%
Akita Yokote C
32%
Tottori Yonago C
32%
Kanagawa Zushi C
32%
Tōkyō Akiruno C
30%
Hokkaidō Ashoro T
30%
Nara Asuka V
30%
Shizuoka Atami C
30%
Kanagawa Atsugi C
30%
Hokkaidō Biei T
30%
Okayama Bizen C
30%
Tōkyō Bunkyō C*
30%
Kanagawa Chigasaki C
30%
Aichi Chita C
30%
Chiba Chōshi C
30%
Ōsaka Daitō C
30%
Hokkaidō Ebetsu C
30%
Gifu Ena C
30%
Hokkaidō Eniwa C
30%
Hokkaidō Esashi T (Hiyama)
30%
Hokkaidō Esashi T (Soya)
30%
Saitama Fujimi C
30%
Nagano Fujimi T
30%
Ibaraki Goka T
30%
Akita Hachirōgata T
30%
Yamaguchi Hagi C
30%
Hokkaidō Hamanaka T
30%
Aichi Handa C
30%
Aomori Hashikami T
30%
Tōkyō Higashimurayama C
30%
Shiga Hikone C
30%
Tōkyō Hinohara V
30%
Iwate Hiraizumi T
30%
Hokkaidō Hiroo T
30%
Kagoshima Ibusuki C
30%
Kyōto Ine T
30%
Tōkyō Itabashi C*
30%
Niigata Itoigawa C
30%
Iwate Iwaizumi T
30%
Miyagi Iwanuma C
30%
Ōsaka Izumiōtsu C
30%
Ōsaka Izumisano C
30%
Kyōto Jōyō C
30%
Ōsaka Kadoma C
30%
Gifu Kaizu C
30%
Iwate Kamaishi C
30%
Kyōto Kameoka C
30%
Mie Kameyama C
30%
Ibaraki Kamisu C
30%
Kagoshima Kanoya C
30%
Nagano Karuizawa T
30%
Fukuoka Kasuga C
30%
Chiba Katsuura C
30%
Tokushima Katsuura T
30%
Ōsaka Kishiwada C
30%
Hokkaidō Kiyosato T
30%
Tōkyō Kiyose C
30%
Aichi Kōta T
30%
Toyama Kurobe C
30%
Hokkaidō Kutchan T
30%
Kanagawa Matsuda T
30%
Hyōgo Miki C
30%
Kagawa Miki T
30%
Hokkaidō Minamifurano T
30%
Aomori Misawa C
30%
Kōchi Muroto C
30%
Aichi Nagakute C
30%
Hokkaidō Nakafurano T
30%
Ōita Nakatsu C
30%
Ishikawa Nanao C
30%
Aomori | Tottori | Yamanashi Nanbu T
30%
Toyama Nanto C
30%
Tochigi Nasu T
30%
Tōkyō Nishitōkyō C
30%
Akita Noshiro C
30%
Shizuoka Numazu C
30%
Akita Ōdate C
30%
Iwate Ōfunato C
30%
Shiga Ōmihachiman C
30%
Miyagi Onagawa T
30%
Hiroshima Onomichi C
30%
Hokkaidō Oshamanbe T
30%
Mie Owase C
30%
Kyōto Ōyamazaki T
30%
Ehime Ōzu C
30%
Kumamoto Ōzu T
30%
Hokkaidō Rusutsu V
30%
Tottori Sakaiminato C
30%
Hokkaidō Samani T
30%
Yamaguchi San-yōonoda C
30%
Hyōgo Sayō T
30%
Gifu Sekigahara T
30%
Akita Senboku C
30%
Niigata Shibata C
30%
Miyagi Shibata T
30%
Hokkaidō Shibecha T
30%
Hokkaidō Shinhidaka T
30%
Hyōgo Shin-onsen T
30%
Miyagi Shiroishi C
30%
Saga Shiroishi T
30%
Fukushima Sōma C
30%
Hokkaidō Suttsu T
30%
Shiga Taga T
30%
Ōsaka Takatsuki C
30%
Wakayama Tanabe C
30%
Hyōgo Tanba C
30%
Saga Tara T
30%
Hokkaidō Teshio T
30%
Mie Toba C
30%
Aichi Tokoname C
30%
Nara Totsukawa V
30%
Hokkaidō Tōyako T
30%
Okayama Tsuyama C
30%
Gunma Ueno V
30%
Hokkaidō Urakawa T
30%
Okinawa Urasoe C
30%
Okinawa Uruma C
30%
Ehime Uwajima C
30%
Ishikawa Wajima C
30%
Hyōgo Yabu C
30%
Hokkaidō Yakumo T
30%
Hokkaidō Yoichi T
30%
Aomori Yomogita V
30%
Kanagawa Zama C
30%
Miyagi Zaō T
30%
Niigata Aga T
27%
Fukushima Aizubange T
27%
Tokushima Aizumi T
27%
Aomori Ajigasawa T
27%
Tōkyō Akishima C
27%
Kumamoto Aso C
27%
Nagano Azumino C
27%
Hokkaidō Bibai C
27%
Kanagawa Ebina C
27%
Fukui Eiheiji T
27%
Hokkaidō Engaru T
27%
Iwate Fudai V
27%
Hokkaidō Fukagawa C
27%
Kyōto Fukuchiyama C
27%
Tōkyō Fussa C
27%
Iwate Hachimantai C
27%
Wakayama Hashimoto C
27%
Hiroshima Higashihiroshima C
27%
Kagawa Higashikagawa C
27%
Hokkaidō Higashikagura T
27%
Hokkaidō Higashikawa T
27%
Miyagi Higashimatsushima C
27%
Yamaguchi Hikari C
27%
Toyama Himi C
27%
Tōkyō Hinode T
27%
Fukushima | Iwate Hirono T
27%
Aomori Imabetsu T
27%
Kōchi Ino T
27%
Aichi Inuyama C
27%
Nagasaki Isahaya C
27%
Hokkaidō Ishikari C
27%
Fukushima Ishikawa T
27%
Hyōgo Itami C
27%
Okinawa Itoman C
27%
Ehime Iyo C
27%
Ōsaka Kaizuka C
27%
Hokkaidō Kamifurano T
27%
Hokkaidō Kaminokuni T
27%
Chiba Kamogawa C
27%
Hyōgo Kasai C
27%
Nara Kashihara C
27%
Niigata Kashiwazaki C
27%
Aichi Kasugai C
27%
Saitama Kasukabe C
27%
Ibaraki Kasumigaura C
27%
Ōsaka Kawachinagano C
27%
Aomori Kazamaura V
27%
Hokkaidō Kikonai T
27%
Iwate Kitakami C
27%
Aichi Kitanagoya C
27%
Wakayama Kitayama V
27%
Miyazaki Kobayashi C
27%
Shiga Kōka C
27%
Tōkyō Komae C
27%
Aichi | Kōchi Kōnan C
27%
Shiga Konan C
27%
Iwate Kuji C
27%
Mie Kumano C
27%
Hiroshima Kumano T
27%
Okinawa Kunigami V
27%
Miyagi Kurihara C
27%
Aomori Kuroishi C
27%
Miyazaki Kushima C
27%
Mie Kuwana C
27%
Kyōto Kyōtanabe C
27%
Shiga Maibara C
27%
Kagoshima Makurazaki C
27%
Hokkaidō Mashike T
27%
Shimane Masuda C
27%
Gunma Minakami T
27%
Yamanashi Minami-Alps C
27%
Kagoshima Minamikyūshū C
27%
Miyagi Minamisanriku T
27%
Niigata Minamiuonuma C
27%
Nara Miyake T
27%
Tōkyō Miyake V
27%
Okinawa Miyakojima C
27%
Hokkaidō Monbetsu C
27%
Ōsaka Moriguchi C
27%
Hokkaidō Mukawa T
27%
Yamagata Murayama C
27%
Tōkyō Musashino C
27%
Yamagata Nagai C
27%
Kyōto Nagaokakyō C
27%
Okayama Nagi T
27%
Hokkaidō Nakashibetsu T
27%
Kagoshima Nakatane T
27%
Gifu Nakatsugawa C
27%
Yamagata Nan-yō C
27%
Tochigi Nasushiobara C
27%
Okayama Niimi C
27%
Akita Nikaho C
27%
Hokkaidō Niseko T
27%
Ōsaka Nose T
27%
Ibaraki Ōarai T
27%
Yamagata Ōishida T
27%
Shimane Okinoshima T
27%
Hokkaidō Okoppe T
27%
Nagano Ōmachi C
27%
Saga Ōmachi T
27%
Fukuoka Ōmuta C
27%
Hokkaidō Otoineppu V
27%
Hokkaidō Rankoshi T
27%
Kumamoto Reihoku T
27%
Hokkaidō Rikubetsu T
27%
Shiga Rittō C
27%
Niigata Sanjō C
27%
Kagoshima Satsumasendai C
27%
Ōsaka Sennan C
27%
Okayama Setouchi C
27%
Kagoshima Setouchi T
27%
Hokkaidō Shakotan T
27%
Ishikawa Shika T
27%
Hokkaidō Shikotan V
27%
Hokkaidō Shintoku T
27%
Hokkaidō Shintotsukawa T
27%
Iwate Shiwa T
27%
Iwate Shizukuishi T
27%
Kagawa Shōdoshima T
27%
Hokkaidō | Mie Taiki T
27%
Miyazaki Takachiho T
27%
Aichi Takahama C
27%
Fukui Takahama T
27%
Shiga Takashima C
27%
Hyōgo Tatsuno C
27%
Nagano Tatsuno T
27%
Yamagata Tendō C
27%
Nara Tenri C
27%
Hokkaidō Teshikaga T
27%
Kagoshima Tokunoshima T
27%
Kōchi Tosashimizu C
27%
Saga Tosu C
27%
Ōsaka Toyonaka C
27%
Ōsaka Toyono T
27%
Ibaraki Tsukubamirai C
27%
Akita Ugo T
27%
Niigata Uonuma C
27%
Miyagi Watari T
27%
Iwate Yahaba T
27%
Miyagi Yamamoto T
27%
Kyōto Yawata C
27%
Gifu Yōrō T
27%
Fukuoka Yukuhashi C
27%
Saitama Ageo C
24%
Hokkaidō Aibetsu T
24%
Kagoshima Aira C
24%
Fukushima Aizumisato T
24%
Hokkaidō Akabira C
24%
Hokkaidō Akkeshi T
24%
Nara Ando T
24%
Saga Arita T
24%
Fukushima Bandai T
24%
Hokkaidō Betsukai T
24%
Hokkaidō Bihoro T
24%
Saitama Chichibu C
24%
Ōsaka Chihayaakasaka V
24%
Fukuoka Chikushino C
24%
Fukuoka Chikuzen T
24%
Miyazaki Ebino C
24%
Hiroshima Etajima C
24%
Yamanashi Fujiyoshida C
24%
Toyama Funahashi V
24%
Fukushima Futaba T
24%
Aichi Gamagōri C
24%
Wakayama Gobō C
24%
Nara Gose C
24%
Ōsaka Habikino C
24%
Hokkaidō Haboro T
24%
Tōkyō Hachijō T
24%
Ishikawa Hakui C
24%
Hokkaidō Hamatonbetsu T
24%
Hyōgo Harima T
24%
Kanagawa Hayama T
24%
Aomori Higashidōri V
24%
Nagasaki Higashisonogi T
24%
Aomori Hirakawa C
24%
Aomori Hiranai T
24%
Ibaraki Hitachinaka C
24%
Ibaraki Hitachiōmiya C
24%
Hokkaidō Hokuryū T
24%
Kagoshima Ichikikushikino C
24%
Okinawa Ie V
24%
Nara Ikaruga T
24%
Nara Ikoma C
24%
Tōkyō Inagi C
24%
Aomori Inakadate V
24%
Fukuoka Itoshima C
24%
Hokkaidō Iwamizawa C
24%
Shizuoka Kakegawa C
24%
Akita Kamikoani V
24%
Ōsaka Kanan T
24%
Fukuoka Kanda T
24%
Iwate Kanegasaki T
24%
Gifu Kani C
24%
Kagawa Kan-onji C
24%
Ōsaka Katano C
24%
Fukushima Kitakata C
24%
Tōkyō Koganei C
24%
Tōkyō Kokubunji C
24%
Tokushima Komatsushima C
24%
Hokkaidō Koshimizu T
24%
Kagawa Kotohira T
24%
Wakayama Kōya T
24%
Saitama Kumagaya C
24%
Ōsaka Kumatori T
24%
Okinawa Kumejima T
24%
Ōita Kunisaki C
24%
Tōkyō Kunitachi C
24%
Tottori Kurayoshi C
24%
Hokkaidō Kyōgoku T
24%
Kyōto Kyōtanba T
24%
Hokkaidō Kyōwa T
24%
Kagawa Marugame C
24%
Hokkaidō Memuro T
24%
Kumamoto Minamata C
24%
Fukushima Minamiaizu T
24%
Nagasaki Minamishimabara C
24%
Kagoshima Minamitane T
24%
Kyōto Minamiyamashiro V
24%
Yamaguchi Mine C
24%
Gifu Mizuho C
24%
Tōkyō Mizuho T
24%
Tochigi Mooka C
24%
Ibaraki Moriya C
24%
Shiga Moriyama C
24%
Hokkaidō Moseushi T
24%
Kyōto Mukō C
24%
Tōkyō Musashimurayama C
24%
Kagoshima Nagashima T
24%
Chiba Narashino C
24%
Fukushima Nihonmatsu C
24%
Hokkaidō Niikappu T
24%
Hokkaidō Nishiokoppe V
24%
Hyōgo Nishiwaki C
24%
Aomori Noheji T
24%
Gifu Ōgaki C
24%
Tōkyō Ogasawara V
24%
Kumamoto | Yamagata Oguni T
24%
Aomori Oirase T
24%
Okinawa Onna V
24%
Fukuoka Ōnojō C
24%
Ōsaka Ōsakasayama C
24%
Chiba Ōtaki T
24%
Nagano Ōtaki V
24%
Aomori Ōwani T
24%
Hokkaidō Ōzora T
24%
Hokkaidō Pippu T
24%
Iwate Rikuzentakata C
24%
Aomori Rokkasho V
24%
Fukui Sabae C
24%
Yamagata Sagae C
24%
Ōita Saiki C
24%
Tochigi Sano C
24%
Hokkaidō Saroma T
24%
Hokkaidō Shibetoro V
24%
Ehime Shikokuchūō C
24%
Hokkaidō Shimamaki V
24%
Hokkaidō Shiraoi T
24%
Hokkaidō Shiriuchi T
24%
Hiroshima Shōbara C
24%
Aomori Sotogahama T
24%
Hokkaidō Sunagawa C
24%
Yamaguchi Suōōshima T
24%
Nagano Suwa C
24%
Hyōgo | Ōsaka Taishi T
24%
Gifu Tajimi C
24%
Ōsaka Tajiri T
24%
Okayama Takahashi C
24%
Okinawa Taketomi T
24%
Hokkaidō Takikawa C
24%
Hyōgo Tanbasasayama C
24%
Kōchi Tano T
24%
Ehime Tobe T
24%
Aomori Tōhoku T
24%
Gifu Toki C
24%
Saitama Tokorozawa C
24%
Chiba Tōnoshō T
24%
Kagawa Tonoshō T
24%
Aichi Toyokawa C
24%
Hokkaidō Toyotomi T
24%
Niigata Tsubame C
24%
Gunma Tsumagoi V
24%
Hokkaidō Tsurui V
24%
Aomori Tsuruta T
24%
Yamaguchi Ube C
24%
Nara Uda C
24%
Nagano Ueda C
24%
Kyōto Ujitawara T
24%
Toyama Uozu C
24%
Hokkaidō Uryū T
24%
Ōita Usuki C
24%
Hokkaidō Utashinai C
24%
Kumamoto Uto C
24%
Fukui | Tottori Wakasa T
24%
Saitama Warabi C
24%
Hokkaidō Wassamu T
24%
Nara Yamatokōriyama C
24%
Okinawa Yomitan V
24%
Kagoshima Yoron T
24%
Kyōto Yosano T
24%
Hokkaidō Yuni T
24%
Chiba Abiko C
22%
Hokkaidō Abira T
22%
Yamaguchi Abu T
22%
Ehime Ainan T
22%
Ishikawa Anamizu T
22%
Tōkyō Aogashima V
22%
Wakayama Arida C
22%
Hokkaidō Ashibetsu C
22%
Tochigi Ashikaga C
22%
Hokkaidō Assabu T
22%
Kyōto Ayabe C
22%
Hokkaidō Bifuka T
22%
Hokkaidō Biratori T
22%
Ibaraki Chikusei C
22%
Kagoshima China T
22%
Tottori Chizu T
22%
Ibaraki Daigo T
22%
Chiba Futtsu C
22%
Gifu Gero C
22%
Okinawa Ginowan C
22%
Kanagawa Hadano C
22%
Okinawa Haebaru T
22%
Fukushima Hanawa T
22%
Ōsaka Hannan C
22%
Tōkyō Higashikurume C
22%
Fukushima Hinoemata V
22%
Kagoshima Hioki C
22%
Ibaraki Hitachiōta C
22%
Kumamoto Hitoyoshi C
22%
Ibaraki Hokota C
22%
Gifu Ibigawa T
22%
Kyōto Ide T
22%
Nagano Iiyama C
22%
Akita Ikawa T
22%
Mie Inabe C
22%
Hyōgo | Wakayama Inami T
22%
Fukushima Inawashiro T
22%
Hokkaidō Iwanai T
22%
Ishikawa Kahoku C
22%
Yamagata Kahoku T
22%
Gifu Kakamigahara C
22%
Yamagata Kaminoyama C
22%
Hokkaidō Kamisunagawa T
22%
Hokkaidō Kamoenai V
22%
Aichi Kariya C
22%
Ibaraki Kasama C
22%
Akita Katagami C
22%
Saitama Kazo C
22%
Akita Kazuno C
22%
Hokkaidō Kenbuchi T
22%
Hokkaidō Kimobetsu T
22%
Kagoshima Kimotsuki T
22%
Gunma Kiryū C
22%
Nagano Kiso T
22%
Nagano Kiso V
22%
Kyōto Kizugawa C
22%
Tōkyō Kodaira C
22%
Shizuoka Kosai C
22%
Iwate Kuzumaki T
22%
Hokkaidō Makubetsu T
22%
Ōsaka Matsubara C
22%
Aichi | Fukui | Mie | Wakayama Mihama T
22%
Hiroshima Mihara C
22%
Kōchi Mihara V
22%
Hokkaidō Mikasa C
22%
Okayama Mimasaka C
22%
Aichi Minamichita T
22%
Fukui Minamiechizen T
22%
Kagoshima Minamisatsuma C
22%
Fukushima Minamisōma C
22%
Tōkyō Mitaka C
22%
Fukuoka Mizumaki T
22%
Okinawa Motobu T
22%
Fukuoka Munakata C
22%
Niigata Myōkō C
22%
Hokkaidō Naganuma T
22%
Chiba Nagareyama C
22%
Nagasaki Nagayo T
22%
Hokkaidō Naie T
22%
Aomori Nakadomari T
22%
Okinawa Nakijin V
22%
Toyama Namerikawa C
22%
Kōchi Nankoku C
22%
Kyōto Nantan C
22%
Kagawa Naoshima T
22%
Kanagawa Ninomiya T
22%
Ishikawa Nomi C
22%
Yamagata Obanazawa C
22%
Aichi Ōbu C
22%
Mie Ōdai T
22%
Saitama Ogawa T
22%
Nagano Ogawa V
22%
Saga Ogi C
22%
Niigata Ojiya C
22%
Fukuoka Ōkawa C
22%
Kōchi Ōkawa V
22%
Shimane Okuizumo T
22%
Hokkaidō Otofuke T
22%
Iwate Ōtsuchi T
22%
Ibaraki Ryūgasaki C
22%
Ehime Saijō C
22%
Nagasaki Saikai C
22%
Miyazaki Saito C
22%
Chiba Sakae T
22%
Nagano Sakae V
22%
Kagawa Sakaide C
22%
Nara Sakurai C
22%
Kanagawa Samukawa T
22%
Kagawa Sanuki C
22%
Kyōto Seika T
22%
Hokkaidō Shana V
22%
Ōsaka Shijōnawate C
22%
Hokkaidō Shimokawa T
22%
Hokkaidō Shimukappu V
22%
Aomori Shingō V
22%
Nagasaki Shinkamigotō T
22%
Hokkaidō Shinshinotsu V
22%
Hokkaidō Shiranuka T
22%
Hyōgo Shisō C
22%
Yamaguchi Shūnan C
22%
Saitama Sōka C
22%
Kōchi Sukumo C
22%
Wakayama Susami T
22%
Ōsaka Tadaoka T
22%
Miyagi Tagajō C
22%
Fukuoka Tagawa C
22%
Yamagata Takahata T
22%
Iwate Takizawa C
22%
Aomori Takko T
22%
Okayama Tamano C
22%
Iwate Tanohata V
22%
Nara Tawaramoto T
22%
Nara Tenkawa V
22%
Nagano Tenryū V
22%
Aichi Tobishima V
22%
Miyagi Tome C
22%
Gunma Tomioka C
22%
Fukushima Tomioka T
22%
Toyama Tonami C
22%
Ibaraki Tone T
22%
Ibaraki Toride C
22%
Hokkaidō Toyokoro T
22%
Aichi Toyone V
22%
Hokkaidō Urahoro T
22%
Ōita Usa C
22%
Kagoshima Wadomari T
22%
Yamaguchi Waki T
22%
Kyōto Wazuka T
22%
Okinawa Yaese T
22%
Shizuoka Yaizu C
22%
Kanagawa Yamakita T
22%
Fukushima Yamatsuri T
22%
Fukuoka Yanagawa C
22%
Yamaguchi Yanai C
22%
Shimane Yoshika T
22%
Saga Yoshinogari T
22%
Hokkaidō Yūbetsu T
22%
Kanagawa Yugawara T
22%
Fukushima Yugawa V
22%
Kōchi Yusuhara T
22%
Kagawa Zentsūji C
22%
Kanagawa Aikawa T
19%
Hokkaidō Akaigawa V
19%
Kagoshima Akune C
19%
Kagoshima Amagi T
19%
Ibaraki Ami T
19%
Aichi Anjō C
19%
Wakayama Aridagawa T
19%
Fukuoka Asakura C
19%
Kumamoto Ashikita T
19%
Hokkaidō Atsuma T
19%
Fukui Awara C
19%
Niigata Awashimaura V
19%
Ōita Bungotakada C
19%
Fukuoka Chikugo C
19%
Nagano Chikuma C
19%
Nagano Chino C
19%
Hokkaidō Chippubetsu T
19%
Chiba Chōsei V
19%
Fukuoka Dazaifu C
19%
Hokkaidō Enbetsu T
19%
Ōsaka Fujiidera C
19%
Aomori Fujisaki T
19%
Hyōgo Fukusaki T
19%
Hokkaidō Furubira T
19%
Aichi Fusō T
19%
Saga Genkai T
19%
Okinawa Ginoza V
19%
Miyazaki Gokase T
19%
Niigata Gosen C
19%
Shizuoka Gotenba C
19%
Gifu Gujō C
19%
Tōkyō Hamura C
19%
Saitama Hannō C
19%
Akita Happō T
19%
Nara Heguri T
19%
Tottori Hiezu V
19%
Saitama Higashichichibu V
19%
Kagoshima Higashikushira T
19%
Yamagata Higashine C
19%
Shiga Higashiōmi C
19%
Gifu Higashishirakawa V
19%
Nara Higashiyoshino V
19%
Ōita Hiji T
19%
Kanagawa Hiratsuka C
19%
Fukuoka Hirokawa T
19%
Yamaguchi Hōfu C
19%
Tottori Hōki T
19%
Hokkaidō Honbetsu T
19%
Hokkaidō Horokanai T
19%
Hokkaidō Horonobe T
19%
Fukuoka Iizuka C
19%
Hokkaidō Imakane T
19%
Saga Imari C
19%
Kanagawa Isehara C
19%
Chiba Isumi C
19%
Fukuoka Itoda T
19%
Shizuoka Iwata C
19%
Niigata Izumozaki T
19%
Okinawa Kadena T
19%
Wakayama Kainan C
19%
Hyōgo Kamigōri T
19%
Nara Kamikitayama V
19%
Hokkaidō Kamishihoro T
19%
Fukushima | Yamagata Kaneyama T
19%
Aichi Kanie T
19%
Gunma Kanna T
19%
Iwate Karumai T
19%
Kyōto Kasagi T
19%
Ōsaka Kashiwara C
19%
Chiba Katori C
19%
Fukui Katsuyama C
19%
Ehime | Mie Kihoku T
19%
Mie Kihō T
19%
Kumamoto Kikuchi C
19%
Kagoshima Kinkō T
19%
Wakayama Kinokawa C
19%
Okinawa Kitadaitō V
19%
Ibaraki Kitaibaraki C
19%
Aichi Kiyosu C
19%
Aichi Komaki C
19%
Saitama Kōnosu C
19%
Fukushima Koori T
19%
Saitama Koshigaya C
19%
Tōkyō Kōzushima V
19%
Yamaguchi Kudamatsu C
19%
Wakayama Kudoyama T
19%
Chiba Kujūkuri T
19%
Fukushima Kunimi T
19%
Hokkaidō Kunneppu T
19%
Hokkaidō Kuromatsunai T
19%
Kōchi Kuroshio T
19%
Ōita Kusu T
19%
Chiba Kyonan T
19%
Okayama Maniwa C
19%
Kagawa Mannō T
19%
Miyagi Marumori T
19%
Tokushima Matsushige T
19%
Nagasaki Matsuura C
19%
Gunma Midori C
19%
Tōkyō Mikurajima V
19%
Wakayama Minabe T
19%
Chiba Minamibōsō C
19%
Okinawa Minamidaitō V
19%
Shizuoka Minamiizu T
19%
Kagoshima Minamiōsumi T
19%
Kagawa Mitoyo C
19%
Nara Mitsue V
19%
Yamagata Mogami T
19%
Nagano Nagiso T
19%
Kōchi Nahari T
19%
Fukuoka Nakama C
19%
Hokkaidō Nakasatsunai V
19%
Hokkaidō Nakatonbetsu T
19%
Fukushima Namie T
19%
Okinawa Nanjō C
19%
Fukushima Naraha T
19%
Tochigi Nasukarasuyama C
19%
Ehime Niihama C
19%
Tōkyō Niijima V
19%
Hokkaidō Niki T
19%
Yamanashi Nirasaki C
19%
Fukushima Nishiaizu T
19%
Fukushima Nishigō V
19%
Yamagata Nishikawa T
19%
Aomori Nishimeya V
19%
Kagoshima Nishinoomote C
19%
Iwate Nishiwaga T
19%
Kōchi Niyodogawa T
19%
Ishikawa Nonoichi C
19%
Nara Nosegawa V
19%
Toyama Nyūzen T
19%
Yamagata Ōe T
19%
Saitama Ogano T
19%
Kanagawa Ōiso T
19%
Hokkaidō Oketo T
19%
Shizuoka Omaezaki C
19%
Chiba Onjuku T
19%
Miyagi Rifu T
19%
Ibaraki Sakuragawa C
19%
Nara Sangō T
19%
Hokkaidō Sarabetsu V
19%
Saitama Sayama C
19%
Nagasaki Saza T
19%
Hokkaidō Shikaoi T
19%
Shizuoka Shimada C
19%
Ōsaka Shimamoto T
19%
Fukuoka Shime T
19%
Nara Shimokitayama V
19%
Fukushima Shinchi T
19%
Aichi Shinshiro C
19%
Miyagi Shiogama C
19%
Nagano Shiojiri C
19%
Chiba Shirako T
19%
Yamagata Shōnai T
19%
Hokkaidō Shosanbetsu V
19%
Hokkaidō Sōbetsu T
19%
Chiba Sodegaura C
19%
Iwate Sumita T
19%
Kōchi Susaki C
19%
Fukushima Tadami T
19%
Aichi Tahara C
19%
Niigata Tainai C
19%
Hyōgo Takasago C
19%
Hokkaidō Takasu T
19%
Saga Takeo C
19%
Aichi Taketoyo T
19%
Saga Taku C
19%
Okinawa Tarama V
19%
Gifu Tarui T
19%
Hokkaidō Tōbetsu T
19%
Hokkaidō Tomamae T
19%
Ōsaka Tondabayashi C
19%
Ishikawa Tsubata T
19%
Hokkaidō Tsukigata T
19%
Niigata Tsunan T
19%
Kōchi | Miyazaki Tsuno T
19%
Tokushima Tsurugi T
19%
Ishikawa Uchinada T
19%
Kumamoto Uki C
19%
Hokkaidō Urausu T
19%
Saga Ureshino C
19%
Chiba Yachiyo C
19%
Ibaraki Yachiyo T
19%
Nara Yamatotakada C
19%
Fukuoka Yame C
19%
Shizuoka Yoshida T
19%
Tokushima Yoshinogawa C
19%
Chiba Yotsukaidō C
19%
Ibaraki Yūki C
19%
Wakayama Yura T
19%
Tottori Yurihama T
19%
Kagoshima Yūsui T
19%
Okinawa Zamami V
19%
Nagano Achi V
16%
Niigata Agano C
16%
Okinawa Aguni V
16%
Aichi Aisai C
16%
Shiga Aishō T
16%
Hiroshima Akiōta T
16%
Hyōgo Asago C
16%
Saitama Asaka C
16%
Kanagawa Ayase C
16%
Fukuoka Buzen C
16%
Aichi Chiryū C
16%
Shizuoka Fujieda C
16%
Yamanashi Fujikawaguchiko T
16%
Yamanashi Fujikawa T
16%
Akita Fujisato T
16%
Shizuoka Fukuroi C
16%
Akita Gojōme T
16%
Tochigi Haga T
16%
Gifu Hashima C
16%
Saitama Hasuda C
16%
Gifu Hichisō T
16%
Saitama Higashimatsuyama C
16%
Tokushima Higashimiyoshi T
16%
Akita Higashinaruse V
16%
Ōita Himeshima V
16%
Yamaguchi Hirao T
16%
Ishikawa Hōdatsushimizu T
16%
Okinawa Iheya V
16%
Yamagata Iide T
16%
Ehime Ikata T
16%
Toyama Imizu C
16%
Hyōgo Inagawa T
16%
Aichi Inazawa C
16%
Chiba Inzai C
16%
Kagoshima Isen T
16%
Gunma Isesaki C
16%
Gunma Itakura T
16%
Aomori Itayanagi T
16%
Wakayama Iwade C
16%
Aichi Iwakura C
16%
Okinawa Izena V
16%
Shizuoka Izunokuni C
16%
Hiroshima Jinsekikōgen T
16%
Miyazaki Kadogawa T
16%
Hiroshima Kaita T
16%
Tokushima Kaiyō T
16%
Miyagi Kakuda C
16%
Kumamoto Kamiamakusa C
16%
Toyama Kamiichi T
16%
Yamaguchi Kaminoseki T
16%
Shizuoka Kannami T
16%
Tochigi Kanuma C
16%
Okayama Kasaoka C
16%
Nara Katsuragi C
16%
Wakayama Katsuragi T
16%
Ishikawa Kawakita T
16%
Miyazaki Kawaminami T
16%
Shizuoka Kawanehon T
16%
Fukushima Kawauchi V
16%
Kagoshima Kikai T
16%
Kumamoto Kikuyō T
16%
Kōchi Kitagawa V
16%
Tokushima Kitajima T
16%
Okinawa Kitanakagusuku V
16%
Ōita Kitsuki C
16%
Saga Kiyama T
16%
Kanagawa Kiyokawa V
16%
Saga Kōhoku T
16%
Ōita Kokonoe T
16%
Akita Kosaka T
16%
Hokkaidō Kuriyama T
16%
Nara Kurotaki V
16%
Hokkaidō Makkari V
16%
Yamagata Mamurogawa T
16%
Kanagawa Manazuru T
16%
Ehime Masaki T
16%
Kumamoto Mashiki T
16%
Tochigi Mashiko T
16%
Yamagata Mikawa T
16%
Miyazaki Mimata T
16%
Kanagawa Minamiashigara C
16%
Kumamoto Minamiaso V
16%
Yamanashi Minobu T
16%
Gifu Minokamo C
16%
Nagano Minowa T
16%
Tottori Misasa T
16%
Gifu Mitake T
16%
Akita Mitane T
16%
Saga Miyaki T
16%
Gifu Mizunami C
16%
Chiba Mobara C
16%
Tokushima Mugi T
16%
Mie Nabari C
16%
Wakayama Nachikatsura T
16%
Chiba Nagara T
16%
Okinawa Nakagusuku V
16%
Fukushima Nakajima V
16%
Ishikawa Nakanoto T
16%
Kōchi Nakatosa T
16%
Ibaraki Namegata C
16%
Hokkaidō Nanae T
16%
Hokkaidō Nanporo T
16%
Saitama Niiza C
16%
Shizuoka Nishiizu T
16%
Aichi Nisshin C
16%
Fukuoka Nōgata C
16%
Nagano Nozawaonsen V
16%
Hokkaidō Obira T
16%
Miyagi Ōgawara T
16%
Miyagi Ōhira V
16%
Nagasaki Ojika T
16%
Fukuoka Okagaki T
16%
Saitama Okegawa C
16%
Fukushima Ōkuma T
16%
Yamagata Ōkura V
16%
Ibaraki Omitama C
16%
Hiroshima Ōsakikamijima T
16%
Hiroshima Ōtake C
16%
Nagano Otari V
16%
Hokkaidō Otobe T
16%
Toyama Oyabe C
16%
Nara Ōyodo T
16%
Hokkaidō Rubetsu V
16%
Hokkaidō Ruyobetsu V
16%
Yamagata Sakegawa V
16%
Fukuoka Sasaguri T
16%
Niigata Seirō T
16%
Ehime Seiyo C
16%
Hiroshima Sera T
16%
Miyagi Shichigahama T
16%
Hokkaidō Shihoro T
16%
Hokkaidō Shikabe T
16%
Saitama Shiki C
16%
Gunma Shimonita T
16%
Yamagata Shirataka T
16%
Chiba Shisui T
16%
Aichi Shitara T
16%
Yamanashi Shōwa T
16%
Fukushima | Gunma Shōwa V
16%
Okayama Sōja C
16%
Kagoshima Soo C
16%
Chiba Sōsa C
16%
Fukushima Sukagawa C
16%
Shizuoka Susono C
16%
Yamaguchi Tabuse T
16%
Fukuoka Tachiarai T
16%
Nagano Takagi V
16%
Ōsaka Takaishi C
16%
Kumamoto | Nagano Takamori T
16%
Miyazaki Takanabe T
16%
Tochigi Takanezawa T
16%
Nara Takatori T
16%
Ōita Taketa C
16%
Hokkaidō Takinoue T
16%
Chiba Tako T
16%
Kumamoto Tamana C
16%
Fukushima Tanagura T
16%
Kagoshima Tatsugō T
16%
Fukushima Ten-ei V
16%
Nagasaki Togitsu T
16%
Aichi Tōgō T
16%
Mie Tōin T
16%
Niigata Tōkamachi C
16%
Okinawa Tokashiki V
16%
Okinawa Tomigusuku C
16%
Miyagi Tomiya C
16%
Okinawa Tonaki V
16%
Aichi Toyoake C
16%
Hokkaidō Toyoura T
16%
Hokkaidō Tsubetsu T
16%
Ōita Tsukumi C
16%
Kumamoto Tsunagi T
16%
Shimane Tsuwano T
16%
Ehime Uchiko T
16%
Yamanashi Uenohara C
16%
Kagoshima Uken V
16%
Fukuoka Ukiha C
16%
Fukuoka Umi T
16%
Saitama Wakō C
16%
Niigata Yahiko V
16%
Yamanashi Yamanakako V
16%
Nara Yamazoe V
16%
Ehime Yawatahama C
16%
Tottori Yazu T
16%
Chiba Yokoshibahikari T
16%
Okinawa Yonabaru T
16%
Fukuoka Yoshitomi T
16%
Wakayama Yuasa T
16%
Ōita Yufu C
16%
Aichi Agui T
14%
Hiroshima Akitakata C
14%
Gunma Annaka C
14%
Gifu Anpachi T
14%
Kumamoto Asagiri T
14%
Fukushima Asakawa T
14%
Ōita Bungoōno C
14%
Fukuoka Chikujō T
14%
Chiba Chōnan T
14%
Saitama Fujimino C
14%
Saitama Fukaya C
14%
Fukuoka Fukutsu C
14%
Gifu Gōdo T
14%
Saitama Hanyū C
14%
Nagasaki Hasami T
14%
Saitama Hatoyama T
14%
Yamanashi Hayakawa T
14%
Aichi Hekinan C
14%
Shizuoka Higashiizu T
14%
Aichi Higashiura T
14%
Tōkyō Higashiyamato C
14%
Miyazaki Hinokage T
14%
Fukushima Hirata V
14%
Wakayama Hirogawa T
14%
Saitama Honjō C
14%
Tochigi Ichikai T
14%
Nagano Iijima T
14%
Fukushima Iitate V
14%
Ibaraki Inashiki C
14%
Tokushima Ishii T
14%
Ibaraki Itako C
14%
Tokushima Itano T
14%
Fukushima Izumizaki V
14%
Ibaraki Jōsō C
14%
Fukushima Kagamiishi T
14%
Okayama Kagamino T
14%
Kanagawa Kaisei T
14%
Ehime Kamijima T
14%
Tokushima Kamikatsu T
14%
Saga Kamimine T
14%
Nara Kanmaki T
14%
Saga Kanzaki C
14%
Niigata Kariwa V
14%
Nara Kashiba C
14%
Fukushima Kawamata T
14%
Shimane Kawamoto T
14%
Nagasaki Kawatana T
14%
Shizuoka Kawazu T
14%
Okayama Kibichūō T
14%
Miyazaki Kijō T
14%
Wakayama Kimino T
14%
Chiba Kimitsu C
14%
Fukushima Kitashiobara V
14%
Fukuoka Kōge T
14%
Nagano Komagane C
14%
Shiga Kōra T
14%
Nara Kōryō T
14%
Yamanashi Kōshū C
14%
Yamanashi Kosuge V
14%
Fukuoka Kotake T
14%
Nagano Koumi T
14%
Ehime Kumakōgen T
14%
Okayama Kumenan T
14%
Kyōto Kumiyama T
14%
Miyazaki Kunitomi T
14%
Fukuoka Kurate T
14%
Shizuoka Makinohara C
14%
Shizuoka Matsuzaki T
14%
Gunma | Mie Meiwa T
14%
Kumamoto Mifune T
14%
Fukushima Miharu T
14%
Mie Minamiise T
14%
Nagano Minamiminowa V
14%
Kumamoto Minamioguni T
14%
Saitama Minano T
14%
Nagano Miyada V
14%
Fukuoka Miyama C
14%
Tochigi Motegi T
14%
Gifu Motosu C
14%
Shizuoka Nagaizumi T
14%
Kumamoto Nagasu T
14%
Saitama Nagatoro T
14%
Kumamoto Nagomi T
14%
Kanagawa Nakai T
14%
Yamagata Nakayama T
14%
Kumamoto Nankan T
14%
Nagano Neba V
14%
Okinawa Nishihara T
14%
Kumamoto Nishihara V
14%
Kumamoto Nishiki T
14%
Shimane Nishinoshima T
14%
Chiba Ōamishirasato C
14%
Okinawa Ōgimi V
14%
Saitama Ogose T
14%
Aichi Ōguchi T
14%
Aichi Ōharu T
14%
Fukuoka Onga T
14%
Gunma Ōra T
14%
Miyagi Ōsato T
14%
Yamanashi Oshino V
14%
Kōchi Ōtoyo T
14%
Saitama Ranzan T
14%
Kōchi Sakawa T
14%
Nagano Sakuho T
14%
Fukushima Samegawa V
14%
Tokushima Sanagōchi V
14%
Niigata Sekikawa V
14%
Chiba Shibayama T
14%
Miyagi Shichikashuku T
14%
Miyazaki Shiiba V
14%
Miyagi Shikama T
14%
Fukushima Shimogō T
14%
Nagano Shimosuwa T
14%
Tochigi Shimotsuke C
14%
Nagano Shinano T
14%
Miyazaki Shintomi T
14%
Ibaraki Shirosato T
14%
Nara Soni V
14%
Yamanashi Tabayama V
14%
Niigata Tagami T
14%
Miyagi Taiwa T
14%
Ibaraki Takahagi C
14%
Miyazaki Takaharu T
14%
Hiroshima Takehara C
14%
Fukushima Tamura C
14%
Kumamoto Taragi T
14%
Kagoshima Tarumizu C
14%
Gunma Tatebayashi C
14%
Nagano Tateshina T
14%
Chiba Tōgane C
14%
Saitama Tokigawa T
14%
Gifu Tomika T
14%
Chiba Tomisato C
14%
Ehime Tōon C
14%
Aichi Toyoyama T
14%
Yamagata Tozawa V
14%
Kōchi Umaji V
14%
Nagano Urugi V
14%
Okayama Wake T
14%
Miyagi Wakuya T
14%
Gifu Wanouchi T
14%
Fukushima Yabuki T
14%
Chiba Yachimata C
14%
Yamagata Yamanobe T
14%
Nagano Yamanouchi T
14%
Gifu Yaotsu T
14%
Saitama Yashio C
14%
Kōchi Yasuda T
14%
Shimane Yasugi C
14%
Aichi Yatomi C
14%
Saitama Yokoze T
14%
Nagano Agematsu T
11%
Okayama Akaiwa C
11%
Nagano Aoki V
11%
Kumamoto Arao C
11%
Kagawa Ayagawa T
11%
Ibaraki Bandō C
11%
Shimane Chibu V
11%
Yamanashi Dōshi V
11%
Gunma Fujioka C
11%
Yamagata Funagata T
11%
Fukushima Furudono T
11%
Kōchi Geisei V
11%
Gifu Ginan T
11%
Shimane Gōtsu C
11%
Saitama Gyōda C
11%
Kumamoto Gyokutō T
11%
Okayama Hayashima T
11%
Wakayama Hidakagawa T
11%
Gunma Higashiagatsuma T
11%
Kumamoto Hikawa T
11%
Nagano Hiraya V
11%
Tottori Hokuei T
11%
Yamanashi Ichikawamisato T
11%
Shimane Iinan T
11%
Nagano Iizuna T
11%
Saitama Iruma C
11%
Ibaraki Ishioka C
11%
Kumamoto Itsuki V
11%
Tokushima Kamiita T
11%
Tochigi Kaminokawa T
11%
Saitama Kamisato T
11%
Wakayama Kamitonda T
11%
Tokushima Kamiyama T
11%
Gunma Kanra T
11%
Gifu Kasamatsu T
11%
Fukuoka Kasuya T
11%
Gunma Katashina V
11%
Fukushima Katsurao V
11%
Saitama Kawajima T
11%
Nagano | Nara Kawakami V
11%
Fukuoka Kawara T
11%
Shizuoka Kikugawa C
11%
Mie Kisosaki T
11%
Nagano Kitaaiki V
11%
Gifu Kitagata T
11%
Saitama Kitamoto C
11%
Mie Komono T
11%
Wakayama Kozagawa T
11%
Saitama Kuki C
11%
Saitama Matsubushi T
11%
Nagano Matsukawa T
11%
Nagano Matsukawa V
11%
Ehime Matsuno T
11%
Tochigi Mibu T
11%
Ibaraki Miho V
11%
Nagano Minamiaiki V
11%
Niigata Mitsuke C
11%
Saitama Miyashiro T
11%
Fukuoka Miyawaka C
11%
Nagano Miyota T
11%
Kumamoto Mizukami V
11%
Saitama Moroyama T
11%
Fukushima Motomiya C
11%
Miyagi Murata T
11%
Gunma Naganohara T
11%
Nagano Nagawa T
11%
Gunma Nakanojō T
11%
Saitama Namegawa T
11%
Yamanashi Narusawa V
11%
Okayama Nishiawakura V
11%
Tochigi Nogi T
11%
Nagano Obuse T
11%
Kōchi Ochi T
11%
Fukuoka Ogōri C
11%
Gunma Ōizumi T
11%
Nagano Ōkuwa V
11%
Shimane Ōnan T
11%
Fukushima Ōtama V
11%
Tochigi Ōtawara C
11%
Saitama Sakado C
11%
Gifu Sakahogi T
11%
Chiba Sanmu C
11%
Okayama Satoshō T
11%
Gunma Shibukawa C
11%
Nara Shimoichi T
11%
Nagano Shimojō V
11%
Ibaraki Shimotsuma C
11%
Tochigi Shioya T
11%
Fukuoka Soeda T
11%
Fukuoka Sue T
11%
Saitama Sugito T
11%
Nagano Suzaka C
11%
Kagawa Tadotsu T
11%
Fukushima Tamakawa V
11%
Mie Tamaki T
11%
Gunma Tamamura T
11%
Saitama Toda C
11%
Aichi Tōei T
11%
Shiga Toyosato T
11%
Kumamoto Ubuyama V
11%
Shimane Unnan C
11%
Ibaraki Ushiku C
11%
Kagawa Utazu T
11%
Mie Watarai T
11%
Tochigi Yaita C
11%
Okayama Yakage T
11%
Fukushima Yanaizu T
11%
Nagano Yasuoka V
11%
Saitama Yorii T
11%
Saitama Yoshikawa C
11%
Kumamoto Yunomae T
11%
Okayama Asakuchi C
8%
Yamanashi Fuefuki C
8%
Fukuoka Hisayama T
8%
Chiba Kamagaya C
8%
Gunma Kawaba V
8%
Gifu Kawabe T
8%
Nara Kawai T
8%
Fukuoka Keisen T
8%
Nagano Kijimadaira V
8%
Nagano Komoro C
8%
Tottori Kotoura T
8%
Chiba Kōzaki T
8%
Nagano Minamimaki V
8%
Miyazaki Morotsuka V
8%
Kōchi Motoyama T
8%
Chiba Mutsuzawa T
8%
Gunma Nanmoku V
8%
Yamanashi Nishikatsura T
8%
Miyazaki Nishimera V
8%
Shiga Ryūō T
8%
Kumamoto Sagara V
8%
Nagano Sakaki T
8%
Saitama Shiraoka C
8%
Okayama Shōō T
8%
Wakayama Taiji T
8%
Saitama Tsurugashima C
8%
Kumamoto Yamae V
8%
Saitama Yoshimi T
8%
Gunma Yoshioka T
8%
Nagano Chikuhoku V
5%
Nagano Ikusaka V
5%
Nagano Ōshika V
5%
Aichi Owariasahi C
5%
Saitama Satte C
5%
No matching quizzes found
Score Distribution
Percent of People with Each Score
Percentile by Number Answered
Your Score History
You have not taken this quiz since the last reset